000 00810cam a22002533a 4500
001 1148
003 PGUSA
005 20140828082957.0
008 971201s1997||||xxu|||||s|||||000 | eng d
040 _aPGUSA
_beng
042 _adc
050 4 _aDA
100 1 _aCambrensis, Giraldus
245 1 4 _aThe Itinerary of Archbishop Baldwin Through Wales
_h[electronic resource] /
_cGiraldus Cambrensis
260 _bProject Gutenberg,
_c1997
506 _aPublic domain in the USA.
516 _aElectronic text
653 _aWales -- Description and travel -- Early works to 1800
653 _aBaldwin, Archbishop of Canterbury, approximately 1120-1190
653 _aWales -- Social life and customs
830 0 _aProject Gutenberg
_v1148
856 4 0 _uhttp://www.gutenberg.org/ebooks/1148
942 _cEB
999 _c230496
_d230496